MARC

LEADER 00000nam0a2200000 4500
001 371244
005 20231102012347.0
035 |a (RuTPU)RU\TPU\retro\28654 
090 |a 371244 
100 |a 20221004d1978 m y0rusy50 ca 
101 0 |a rus  |a lit  |a eng  |a ger 
102 |a LT 
105 |a a z 001zy 
200 1 |a Западно-европейская живопись  |d Vakaru europos tapyba  |e альбом  |f Государственный художественный музей им. М. К. Чюрлениса ; сост. Б. Зютелене 
210 |a Вильнюс  |c Вага  |d 1978 
215 |a 96 с.  |c ил. 
320 |a Список репродукций: с. 85-95 
510 1 |a Vakaru europos tapyba  |z lit 
606 1 |a Живопись  |2 stltpush  |3 (RuTPU)RU\TPU\subj\73461  |9 86457 
610 1 |a альбомы 
610 1 |a репродукции 
610 1 |a западно-европейская живопись 
610 1 |a Литва 
610 1 |a музейные коллекции 
675 |a 75(084)  |v 4 
702 1 |a Зютелене  |b Б.  |g Бируте  |4 220 
712 0 2 |a Государственный художественный музей им. М. К. Чюрлениса  |c (Вильнюс) 
801 1 |a RU  |b 63413507  |c 20221004 
801 2 |a RU  |b 63413507  |c 20221004  |g RCR 
942 |c BK